000 00384nam a22001457a 4500
999 _c12392
_d12392
008 230510b 2022 ||||| |||| 00| 0 eng d
020 _a9789280117424
082 _a343.0962
_bIMO
110 _aIMO
245 _aProcedures for port state control, 2021
250 _a6th ed.
260 _aLondon
_bIMO- International Maritime Organization
_c2022
300 _a137p.
942 _cBK